000 00565nam a2200181Ia 4500
003 GCL
005 20240530105114.0
008 140319s9999 xx 000 0 ara d
040 _aGCL /
_cGCL
082 0 4 _a953.04
_bو ت
100 1 _aوادران
_eمؤلف
245 1 0 _aتاريخ العباسيين لابن وادران /
_cوادران ، حسين بن محمد
260 _aلبنان :
_bدار الغرب الاسلامى ،
_c1993
300 _a852 ص ؛
_b24 سم
650 0 4 _aالعالم العربى
650 0 4 _aتاريخ
942 _2ddc
_cBK
999 _c53191
_d53191